000 00463nam a2200169 i 4500
001 60370
003 ES-MaACL
005 20240509063053.0
007 t|
008 031104s1960 sp ||||1| cat d
100 1 _aEspriu, Salvador,
_d1913-1985
_947947
245 1 3 _aLa pell de brau /
_cSalvador Espriu.
260 _aBarcelona :
_b[Salve],
_c1960.
300 _a93 p. ;
_c18 cm.
852 _aES-MaACL
_jC-18063
_bR.45982
999 _c60370
_d60370